[Event "Hibrido del Sur U2200 op 4th"]
[Site "Tornelo INT"]
[Date "2021.12.17"]
[Round "2"]
[White "Perez Sanchez, David"]
[Black "Hernandez Mora, Ulises Jose"]
[Result "1-0"]
[WhiteElo "1857"]
[BlackElo "1695"]
[PlyCount "59"]
[EventDate "2021.12.17"]
[EventType "swiss"]
[EventRounds "6"]
[EventCountry "VEN"]
[SourceTitle "CBM 206 Extra"]
[Source "ChessBase"]
[SourceDate "2022.03.31"]
[SourceVersion "1"]
[SourceVersionDate "2022.03.31"]
[SourceQuality "1"]

1. Nf3 d5 2. b3 c5 3. e3 Nc6 4. Bb2 Bg4 5. h3 Bh5 6. Be2 e6 7. d4 cxd4 8. Nxd4 Bxe2 9. Qxe2 Nf6 10. Nd2 Rc8 11. Rc1 a6 12. 0-0 Be7 13. c4 0-0 14. cxd5 Nxd4 15. Bxd4 Qxd5 16. Nc4 Nd7 17. Rfd1 b5 18. Bxg7 Kxg7 19. Rxd5 exd5 20. Qg4+ Kh8 21. Qxd7 Ba3 22. Rc2 dxc4 23. Qd4+ f6 24. bxc4 Bc5 25. Qf4 b4 26. Rd2 Rf7 27. Qf5 Rcc7 28. Rd8+ Bf8 29. Rc8 Rcd7 30. Rxf8+ 1-0

[Event "Giraldilla de La Habana op"]
[Site "Havana"]
[Date "2018.08.01"]
[Round "7"]
[White "Orta Rodriguez, Antonio"]
[Black "Perez Sanchez, David"]
[Result "1-0"]
[WhiteElo "1838"]
[BlackElo "1708"]
[PlyCount "63"]
[EventDate "2018.07.28"]
[EventType "swiss"]
[EventRounds "9"]
[EventCountry "CUB"]
[SourceTitle "EXT 2021"]
[Source "ChessBase"]
[SourceDate "2020.10.23"]
[SourceVersion "1"]
[SourceVersionDate "2020.10.23"]
[SourceQuality "1"]

1. c4 Nf6 2. Nc3 c5 3. e4 Nc6 4. Nf3 d6 5. h3 e5 6. d3 h6 7. Be2 Be7 8. Qb3 a6 9. Be3 Rb8 10. Nd5 b5 11. Qc2 Be6 12. b3 Nd7 13. Nc3 Nd4 14. Bxd4 cxd4 15. Nd1 Nf8 16. g4 Ng6 17. Nb2 bxc4 18. Nxc4 Rc8 19. 0-0 Nf4 20. Kh2 Bf8 21. Rac1 Qh4 22. Ng1 h5 23. f3 hxg4 24. fxg4 Bxg4 25. Bxg4 Nxh3 26. Nxd6+ Bxd6 27. Qxc8+ Ke7 28. Rxf7+ Kxf7 29. Qe6+ Kf8 30. Qf5+ Ke8 31. Rc8+ Ke7 32. Qe6# 1-0